[Event "Mundial Juvenil femenino 2005 s16"]
[Site "Belfort FRA"]
[Date "2005.07.24"]
[Round "6.3"]
[White "Hamrakulova, Yulduz"]
[Black "Gunina, Valentina"]
[Result "1-0"]
[WhiteElo "2114"]
[BlackElo "2394"]
[PlyCount "207"]
[EventDate "2005.07.19"]
[EventType "swiss"]
[EventRounds "11"]
[EventCountry "FRA"]
[Source "lmi"]
[SourceDate "2005.07.31"]

1. d4 d5 2. Nf3 Nf6 3. c4 c6 4. e3 e6 5. Nc3 Be7 6. Qc2 Nbd7 7. Bd3 a6 8. a4
O-O 9. O-O Bd6 10. e4 dxc4 11. Bxc4 e5 12. Be3 Qe7 13. Kh1 exd4 14. Bxd4 Ng4
15. h3 Nge5 16. Nxe5 Bxe5 17. Ne2 Bxd4 18. Nxd4 Ne5 19. Be2 Ng6 20. f4 Rd8 21.
Rad1 c5 22. Nf5 Bxf5 23. exf5 Rxd1 24. Bxd1 Nf8 25. Bf3 h6 26. Rd1 Rb8 27. a5
b5 28. axb6 Rxb6 29. Rd5 Nd7 30. Qa4 Nf6 31. Re5 Qd7 32. Qxd7 Nxd7 33. Re8+ Kh7
34. Re7 Nf6 35. Rc7 Rxb2 36. Rxc5 Ra2 37. Rc7 h5 38. Rxf7 h4 39. Ra7 a5 40. Kg1
a4 41. Kf1 a3 42. Ke1 Kg8 43. Kd1 Kf8 44. Kc1 Ra1+ 45. Kc2 a2 46. Kb2 Rb1+ 47.
Kxa2 Rb4 48. Ra5 Rxf4 49. Kb3 Ne8 50. Rd5 Nf6 51. Rc5 Ne8 52. Rd5 Nf6 53. Rc5
Ne8 54. Rd5 Ke7 55. Re5+ Kd7 56. Kc3 Nd6 57. Kd3 Ra4 58. Bg4 Kd8 59. Rd5 Ke7
60. Re5+ Kf8 61. f6 gxf6 62. Re6 Ra3+ 63. Ke2 Ra1 64. Kf3 Ra3+ 65. Kf4 Ra4+ 66.
Ke3 Nf7 67. Rxf6 Kg7 68. Rf5 Kg6 69. Rc5 Ra3+ 70. Kf4 Ra4+ 71. Ke3 Nh6 72. Rc6+
Kg5 73. Rc5+ Kg6 74. Bd1 Ra3+ 75. Kf4 Rg3 76. Bh5+ Kf6 77. Bf3 Ng8 78. Rh5 Ne7
79. Ra5 Rg8 80. Ra6+ Kf7 81. Bh5+ Kg7 82. Ra7 Kf6 83. Ra6+ Kg7 84. Bf3 Kf7 85.
Ke4 Rb8 86. Bh5+ Kg7 87. Ra7 Kf6 88. Ra6+ Kg5 89. Ra5+ Kh6 90. Bf3 Ng6 91. Rh5+
Kg7 92. Ra5 Kh6 93. Ra6 Rf8 94. Ke3 Re8+ 95. Be4 Kh5 96. Rxg6 Rb8 97. Rg4 Rb3+
98. Kf4 Rb8 99. Rg5+ Kh6 100. Rg6+ Kh5 101. Rg5+ Kh6 102. Rf5 Rb4 103. Rf7 Rb7
104. Rxb7 1-0

[Event "Mundial Juvenil femenino 2005 s16"]
[Site "Belfort FRA"]
[Date "2005.07.24"]
[Round "6.4"]
[White "Ignacz, Maria"]
[Black "Pelletier, Katherine"]
[Result "1-0"]
[WhiteElo "2265"]
[BlackElo "2096"]
[PlyCount "115"]
[EventDate "2005.07.19"]
[EventType "swiss"]
[EventRounds "11"]
[EventCountry "FRA"]
[Source "lmi"]
[SourceDate "2005.07.31"]

1. d4 d5 2. c4 e6 3. Nf3 Nf6 4. g3 dxc4 5. Bg2 a6 6. O-O Nc6 7. Nc3 Be7 8. e4
O-O 9. d5 exd5 10. exd5 Nb4 11. Ne5 Bf5 12. a3 Nd3 13. Nxc4 Nxc1 14. Rxc1 Bd6
15. Ne3 Qd7 16. Qd4 Rfe8 17. Rfe1 Bh3 18. Bf3 Re7 19. Re2 Rae8 20. Rce1 b6 21.
Qd3 a5 22. Nb5 Ne4 23. Nd4 Ng5 24. Bh1 Bg4 25. Nxg4 Qxg4 26. Rxe7 Rxe7 27. Rxe7
Bxe7 28. Bg2 Nh3+ 29. Bxh3 Qxh3 30. Nf5 Bc5 31. Qe4 h6 32. Qe8+ Kh7 33. Qxf7
Qg4 34. h3 Qg6 35. Qe6 Qg5 36. Qe5 Qg6 37. a4 Bd6 38. Qe4 Bc5 39. b3 Qf7 40.
Ne3+ g6 41. Ng4 Qg7 42. Kg2 h5 43. Ne5 Qf6 44. Qf4 Qxf4 45. gxf4 Kg7 46. Kf3
Bd4 47. Nd3 Kf6 48. Ke4 Bc3 49. f3 Ba1 50. Nf2 Bc3 51. Nd1 Bb4 52. Ne3 Bc5 53.
Nc2 Be7 54. Nd4 Kf7 55. f5 gxf5+ 56. Kxf5 Bc5 57. Nb5 Ke7 58. Kg5 1-0

[Event "Mundial Juvenil femenino 2005 s16"]
[Site "Belfort FRA"]
[Date "2005.07.24"]
[Round "6.7"]
[White "Batzaya, Yanjav"]
[Black "Foisor, Sabina-Francesca"]
[Result "1/2-1/2"]
[WhiteElo "1908"]
[BlackElo "2230"]
[PlyCount "123"]
[EventDate "2005.07.19"]
[EventType "swiss"]
[EventRounds "11"]
[EventCountry "FRA"]
[Source "lmi"]
[SourceDate "2005.07.31"]

1. e4 g6 2. d4 Bg7 3. f4 d6 4. Nf3 c5 5. Bb5+ Bd7 6. Bxd7+ Nxd7 7. d5 b5 8. O-O
Qc7 9. Nc3 b4 10. Ne2 Ngf6 11. Ng3 O-O 12. Re1 Nb6 13. f5 Ng4 14. h3 Ne5 15.
Rb1 e6 16. dxe6 Nxf3+ 17. Qxf3 fxe6 18. Qg4 Qf7 19. Rf1 exf5 20. exf5 Nd5 21.
Bg5 Rae8 22. Rf3 Nf6 23. Bxf6 Qxf6 24. c3 bxc3 25. bxc3 d5 26. Rbf1 Qc6 27. h4
d4 28. cxd4 cxd4 29. h5 Qb6 30. Kh1 g5 31. Qxg5 Qh6 32. Qg4 Kh8 33. Ne4 Bf6 34.
Nxf6 Qxf6 35. Rd1 Rd8 36. Qf4 Rd5 37. g4 Rg8 38. Kg2 Re8 39. Rd2 a6 40. g5 Rg8
41. g6 Rf8 42. Rg3 Rg8 43. Qc7 Rg7 44. Qc8+ Rd8 45. Qe6 Qxe6 46. fxe6 hxg6 47.
hxg6 Rd6 48. Re2 Rd8 49. Rf2 Kg8 50. Rf7 Re8 51. Rf6 Rge7 52. Rd3 Rxe6 53. Rxe6
Rxe6 54. Rxd4 Re2+ 55. Kf3 Rxa2 56. Rd7 a5 57. Ra7 a4 58. Ke3 a3 59. Kd3 Rg2
60. Kc4 a2 61. Kb3 Rxg6 62. Rxa2 1/2-1/2

[Event "Mundial Juvenil femenino 2005 s16"]
[Site "Belfort FRA"]
[Date "2005.07.24"]
[Round "6.8"]
[White "Van Nies, Pauline"]
[Black "Benmesbah, Natacha"]
[Result "1/2-1/2"]
[WhiteElo "2074"]
[BlackElo "2127"]
[PlyCount "60"]
[EventDate "2005.07.19"]
[EventType "swiss"]
[EventRounds "11"]
[EventCountry "FRA"]
[Source "lmi"]
[SourceDate "2005.07.31"]

1. e4 c5 2. Nf3 d6 3. d4 cxd4 4. Nxd4 Nf6 5. Nc3 g6 6. Be3 Bg7 7. f3 O-O 8. Qd2
Nc6 9. O-O-O d5 10. Nxc6 bxc6 11. exd5 Nxd5 12. Nxd5 cxd5 13. Qxd5 Qc7 14. Qc5
Qb8 15. Qa3 Be6 16. Ba6 Qe5 17. g3 Bf5 18. g4 Be6 19. Bd4 Bh6+ 20. Kb1 Qc7 21.
Qc5 Qd7 22. Bc3 Qa4 23. Qa3 Qxa3 24. bxa3 Rab8+ 25. Ka1 Rb6 26. Bd3 Rc8 27. Bb2
Rxb2 28. Kxb2 Bg7+ 29. Kc1 Bh6+ 30. Kb2 Bg7+ 1/2-1/2

[Event "Mundial Juvenil femenino 2005 s16"]
[Site "Belfort FRA"]
[Date "2005.07.24"]
[Round "6.9"]
[White "Umudova, Nargiz"]
[Black "Darbinian, Nune"]
[Result "0-1"]
[WhiteElo "2121"]
[BlackElo "2072"]
[PlyCount "116"]
[EventDate "2005.07.19"]
[EventType "swiss"]
[EventRounds "11"]
[EventCountry "FRA"]
[Source "lmi"]
[SourceDate "2005.07.31"]

1. e4 d5 2. exd5 Qxd5 3. Nc3 Qa5 4. d4 Nf6 5. Nf3 c6 6. Bc4 Bf5 7. Bd2 e6 8.
Nd5 Qd8 9. Nxf6+ gxf6 10. c3 Nd7 11. Qe2 Qc7 12. O-O-O O-O-O 13. Nh4 Bg6 14.
Be3 Kb8 15. Nxg6 hxg6 16. h4 Bd6 17. Kb1 Nb6 18. Bb3 c5 19. dxc5 Bxc5 20. g3
Bxe3 21. Qxe3 Rxd1+ 22. Rxd1 Rd8 23. Qf3 f5 24. Rxd8+ Qxd8 25. Qd1 Qe7 26. a3
Nd7 27. h5 gxh5 28. Qxh5 Kc7 29. Qe2 Qc5 30. Qc4 Qxc4 31. Bxc4 Nf6 32. Bd3 Kd6
33. Kc2 Ng4 34. f3 Nf2 35. Be2 Nh1 36. g4 fxg4 37. fxg4 Ng3 38. Bf3 b6 39. Kd3
Ke5 40. Ke3 Nf1+ 41. Ke2 Kf4 42. Bc6 Ng3+ 43. Kf2 Kxg4 44. c4 Kf4 45. b4 Ne4+
46. Ke2 f5 47. Kd3 Nf6 48. a4 e5 49. c5 bxc5 50. bxc5 Ng8 51. Bd7 Ne7 52. a5
Kf3 53. c6 e4+ 54. Kd4 e3 55. Be8 Kf2 56. Bh5 Nxc6+ 57. Kd5 Nxa5 58. Ke5 e2 0-1

[Event "Mundial Juvenil femenino 2005 s16"]
[Site "Belfort FRA"]
[Date "2005.07.24"]
[Round "6.10"]
[White "Robles Garcia, Claudia"]
[Black "Rysbayeva, Nazerke"]
[Result "1/2-1/2"]
[WhiteElo "2144"]
[BlackElo "1599"]
[PlyCount "64"]
[EventDate "2005.07.19"]
[EventType "swiss"]
[EventRounds "11"]
[EventCountry "FRA"]
[Source "lmi"]
[SourceDate "2005.07.31"]

1. e4 c6 2. d4 d5 3. Nc3 dxe4 4. Nxe4 Bf5 5. Ng3 Bg6 6. h4 h6 7. N1e2 Nd7 8.
Nf4 Bh7 9. Bc4 Ngf6 10. c3 e6 11. Qe2 Bd6 12. Bxe6 O-O 13. Bxd7 Qxd7 14. O-O
Rfe8 15. Qf3 Re7 16. Ngh5 Qf5 17. Ng3 Qc2 18. Qd1 Qxd1 19. Rxd1 Rd8 20. Bd2 Ne4
21. Nxe4 Rxe4 22. g3 Bxf4 23. Bxf4 Re2 24. Rd2 Rxd2 25. Bxd2 Re8 26. Re1 Rxe1+
27. Bxe1 Bb1 28. a3 Ba2 29. Bd2 f5 30. Bf4 Kf7 31. Kf1 Bc4+ 32. Ke1 a5 1/2-1/2

[Event "Mundial Juvenil femenino 2005 s16"]
[Site "Belfort FRA"]
[Date "2005.07.24"]
[Round "6.11"]
[White "Zhorzholiani, Meri"]
[Black "Gomes, Mary Ann"]
[Result "0-1"]
[WhiteElo "2019"]
[BlackElo "2265"]
[PlyCount "86"]
[EventDate "2005.07.19"]
[EventType "swiss"]
[EventRounds "11"]
[EventCountry "FRA"]
[Source "lmi"]
[SourceDate "2005.07.31"]

1. d4 f5 2. Nc3 d5 3. Bf4 Nf6 4. e3 e6 5. Nb5 Bd6 6. Bxd6 cxd6 7. Nf3 a6 8. Na3
b5 9. c3 Nc6 10. Nc2 Rb8 11. Bd3 e5 12. Nd2 O-O 13. O-O Be6 14. b3 Ne4 15. Nb1
Ne7 16. Qe2 Qc8 17. Qe1 Qe8 18. f3 Nf6 19. Nba3 e4 20. Be2 exf3 21. Rxf3 Ng6
22. c4 bxc4 23. bxc4 dxc4 24. Nxc4 Qa4 25. N4a3 Ne4 26. Bd3 d5 27. Nb1 Rfc8 28.
Nd2 Rxc2 29. Bxc2 Qxc2 30. Nxe4 Qxe4 31. Rf2 Bd7 32. Rc1 Re8 33. Rc7 Bb5 34. h3
f4 35. a4 Bc4 36. Qb4 Qxe3 37. Qb2 Ne7 38. Kh2 Qg3+ 39. Kg1 Nf5 40. Qd2 Rb8 41.
Rxc4 dxc4 42. Rxf4 Rb1+ 43. Rf1 Qe3+ 0-1

[Event "Mundial Juvenil femenino 2005 s16"]
[Site "Belfort FRA"]
[Date "2005.07.24"]
[Round "6.12"]
[White "Amed, Stephanie"]
[Black "Atnilov, Bela"]
[Result "1-0"]
[WhiteElo "2001"]
[BlackElo "2153"]
[PlyCount "89"]
[EventDate "2005.07.19"]
[EventType "swiss"]
[EventRounds "11"]
[EventCountry "FRA"]
[Source "lmi"]
[SourceDate "2005.07.31"]

1. e4 c5 2. Nf3 e6 3. d4 cxd4 4. Nxd4 Nf6 5. Nc3 Nc6 6. Ndb5 Bb4 7. a3 Bxc3+ 8.
Nxc3 d5 9. exd5 exd5 10. Bg5 d4 11. Qe2+ Be6 12. Ne4 Qa5+ 13. Bd2 Qe5 14. Ng3
Rc8 15. f4 Qxe2+ 16. Bxe2 Ne7 17. Bd3 Bc4 18. Bxc4 Rxc4 19. O-O-O O-O 20. b3
Rc7 21. Bb4 Rd8 22. Bxe7 Rxe7 23. Rhe1 Rxe1 24. Rxe1 Kf8 25. Kd2 Nd5 26. Ne2
Ne3 27. g3 Ng4 28. Nc1 Nxh2 29. Rh1 Nf3+ 30. Ke2 d3+ 31. Kxf3 dxc2 32. Ke2 Rd5
33. Nd3 Ra5 34. Ra1 Rb5 35. b4 Rb6 36. Kd2 Rc6 37. Ne5 Rc8 38. Rc1 f6 39. Nd3
a5 40. b5 g5 41. Rxc2 Rxc2+ 42. Kxc2 gxf4 43. Nxf4 Ke7 44. Kd3 Kd6 45. Kd4 1-0

[Event "Mundial Juvenil femenino 2005 s16"]
[Site "Belfort FRA"]
[Date "2005.07.24"]
[Round "6.13"]
[White "Merkulova, Iryna"]
[Black "Khudaya, Aliaksandra"]
[Result "1-0"]
[WhiteElo "1599"]
[BlackElo "2117"]
[PlyCount "159"]
[EventDate "2005.07.19"]
[EventType "swiss"]
[EventRounds "11"]
[EventCountry "FRA"]
[Source "lmi"]
[SourceDate "2005.07.31"]

1. e4 e6 2. d3 c5 3. g3 g6 4. Bg2 Bg7 5. Nf3 Nc6 6. O-O Nge7 7. c3 d5 8. Qe2 d4
9. c4 e5 10. Nbd2 h6 11. Ne1 g5 12. a3 Ng6 13. Nc2 a5 14. b3 Be6 15. Rb1 Qe7
16. Rd1 Qd7 17. Nf1 Bf6 18. b4 cxb4 19. axb4 axb4 20. Nxb4 Nxb4 21. Rxb4 Be7
22. Rb5 Qc7 23. Bd2 h5 24. Rdb1 Bc8 25. Qe1 g4 26. Ba5 Qd7 27. Nd2 h4 28. c5
hxg3 29. hxg3 Qc6 30. Qc1 Nf8 31. Nc4 Nd7 32. Bb6 f6 33. Na5 Qe6 34. Qc4 Qxc4
35. Nxc4 Ra6 36. Bf1 Kf7 37. Be2 Ra2 38. Bd1 Kg7 39. Kg2 Ra6 40. Bc2 Kg6 41.
Bd1 Kg7 42. Nd6 Nxb6 43. Rxb6 Bxd6 44. cxd6 Rxb6 45. Rxb6 Rf8 46. Ba4 Kg6 47.
Bb3 Kg5 48. Bd5 f5 49. f3 f4 50. Bxb7 gxf3+ 51. Kxf3 Bg4+ 52. Kf2 f3 53. d7 Rh8
54. Rd6 Rh2+ 55. Kg1 Rg2+ 56. Kf1 Bxd7 57. Rxd7 Rd2 58. Ba6 Kg4 59. Rg7+ Kh3
60. Bc4 Kh2 61. Rg5 Kh3 62. Rg8 Kh2 63. Rg7 Kh3 64. Rg6 Kh2 65. Rg4 Kh3 66. Rg8
Kh2 67. Rg7 Kh3 68. Be6+ Kh2 69. Bf5 Rb2 70. Be6 Rd2 71. Rg5 Rc2 72. Bf7 Rd2
73. Bc4 Rc2 74. Bb5 Rb2 75. Bd7 Rd2 76. Ba4 Ra2 77. Bd1 Rd2 78. Bxf3 Rxd3 79.
Kf2 Rd2+ 80. Be2 1-0

[Event "Mundial Juvenil femenino 2005 s16"]
[Site "Belfort FRA"]
[Date "2005.07.24"]
[Round "6.14"]
[White "Ondrova, Michaela"]
[Black "Rakic, Marija"]
[Result "0-1"]
[WhiteElo "1920"]
[BlackElo "2057"]
[PlyCount "106"]
[EventDate "2005.07.19"]
[EventType "swiss"]
[EventRounds "11"]
[EventCountry "FRA"]
[Source "lmi"]
[SourceDate "2005.07.31"]

1. e4 c5 2. Nc3 Nc6 3. f4 d6 4. Nf3 g6 5. Bc4 Bg7 6. O-O e6 7. d3 Nge7 8. Qe1
b6 9. Kh1 Bb7 10. f5 O-O 11. fxe6 f6 12. Nd5 Nxd5 13. Bxd5 Qe7 14. Qg3 Rad8 15.
Qh4 Ne5 16. Nxe5 dxe5 17. c4 Bc8 18. Qh3 Rd6 19. a3 Bxe6 20. Qh4 Bxd5 21. exd5
Rd7 22. Bd2 f5 23. Qxe7 Rxe7 24. b4 e4 25. Rae1 Rfe8 26. Bg5 Rd7 27. bxc5 bxc5
28. dxe4 fxe4 29. Re2 Bd4 30. Rfe1 e3 31. g3 Re4 32. Bxe3 Bxe3 33. Rxe3 Rxc4
34. Rd1 Rd4 35. Red3 R7xd5 36. Rxd4 Rxd4 37. Rxd4 cxd4 38. Kg2 Kf7 39. Kf3 Kf6
40. Ke4 Kg5 41. h3 h5 42. Kxd4 h4 43. gxh4+ Kxh4 44. Ke5 Kxh3 45. Kf6 Kh4 46.
Kxg6 Kg4 47. Kf6 Kf4 48. Ke6 Ke4 49. Kd6 Kd4 50. Kc7 Kc4 51. Kb7 a5 52. Kb6 a4
53. Ka5 Kb3 0-1

[Event "Mundial Juvenil femenino 2005 s16"]
[Site "Belfort FRA"]
[Date "2005.07.24"]
[Round "6.15"]
[White "Congiu, Mathilde"]
[Black "Stefanova, Milena"]
[Result "1-0"]
[WhiteElo "2046"]
[BlackElo "2022"]
[PlyCount "45"]
[EventDate "2005.07.19"]
[EventType "swiss"]
[EventRounds "11"]
[EventCountry "FRA"]
[Source "lmi"]
[SourceDate "2005.07.31"]

1. e4 d5 2. exd5 Nf6 3. d4 Nxd5 4. Be2 Bf5 5. Nf3 e6 6. a3 Nc6 7. c4 Nb6 8. Be3
Be7 9. Nc3 Bf6 10. h3 h6 11. b3 O-O 12. Ra2 Qe7 13. g4 Bh7 14. h4 Rad8 15. Rd2
Qxa3 16. g5 hxg5 17. hxg5 Be7 18. c5 Nd5 19. Nxd5 Rxd5 20. Bc4 Rdd8 21. Ne5 Be4
22. Qh5 Bxh1 23. g6 1-0

[Event "Mundial Juvenil femenino 2005 s16"]
[Site "Belfort FRA"]
[Date "2005.07.24"]
[Round "6.17"]
[White "Khudaya, Iryna"]
[Black "Paganoglou, Anastasia"]
[Result "1/2-1/2"]
[WhiteElo "2043"]
[BlackElo "1948"]
[PlyCount "103"]
[EventDate "2005.07.19"]
[EventType "swiss"]
[EventRounds "11"]
[EventCountry "FRA"]
[Source "lmi"]
[SourceDate "2005.07.31"]

1. e4 c5 2. c3 d5 3. exd5 Qxd5 4. d4 Nc6 5. Nf3 Bg4 6. Be2 Nf6 7. h3 Bh5 8. O-O
e6 9. Be3 cxd4 10. cxd4 Bb4 11. a3 Ba5 12. b4 Bb6 13. Nc3 Qd7 14. b5 Bxf3 15.
Bxf3 Nxd4 16. Bxd4 Bxd4 17. Rc1 O-O 18. Qb3 Bxc3 19. Rxc3 Rac8 20. Rd3 Qc7 21.
b6 axb6 22. Rb1 Nd7 23. Qb5 Ne5 24. Rdb3 Nxf3+ 25. Rxf3 Rfd8 26. Rfb3 Rd7 27.
Qa4 Rcd8 28. Rxb6 Rd1+ 29. Rxd1 Rxd1+ 30. Qxd1 Qxb6 31. Qc2 h6 32. Qc8+ Kh7 33.
Qc2+ g6 34. Qc3 Qb1+ 35. Kh2 Qf5 36. Qb2 b5 37. Kg1 g5 38. Kh2 Kg6 39. Kg1 Qd5
40. Qc2+ f5 41. Qb2 e5 42. Qc2 e4 43. Qc7 f4 44. Qe7 Qc6 45. Kh2 Kf5 46. g4+
fxg3+ 47. Kxg3 Qc3+ 48. Kg2 Qf3+ 49. Kg1 Kg6 50. Qe8+ Kg7 51. Qe7+ Kg8 52. Qe8+
1/2-1/2

[Event "Mundial Juvenil femenino 2005 s16"]
[Site "Belfort FRA"]
[Date "2005.07.24"]
[Round "6.19"]
[White "Baptista, Ana Filipa"]
[Black "Tajik, Saheh"]
[Result "1-0"]
[WhiteElo "2025"]
[BlackElo "1599"]
[PlyCount "20"]
[EventDate "2005.07.19"]
[EventType "swiss"]
[EventRounds "11"]
[EventCountry "FRA"]
[Source "lmi"]
[SourceDate "2005.07.31"]

1. e4 c5 2. Nf3 d6 3. Bb5+ Bd7 4. Bxd7+ Qxd7 5. O-O Nf6 6. Re1 g6 7. e5 Nd5 8.
d4 cxd4 9. Qxd4 e6 10. exd6 Rg8 1-0

[Event "Mundial Juvenil femenino 2005 s16"]
[Site "Belfort FRA"]
[Date "2005.07.24"]
[Round "6.20"]
[White "Gavrilova, Anastasia"]
[Black "Kaniak, Monika"]
[Result "1-0"]
[WhiteElo "2082"]
[BlackElo "1926"]
[PlyCount "99"]
[EventDate "2005.07.19"]
[EventType "swiss"]
[EventRounds "11"]
[EventCountry "FRA"]
[Source "lmi"]
[SourceDate "2005.07.31"]

1. d4 f5 2. c4 Nf6 3. Nc3 g6 4. Nf3 Bg7 5. g3 O-O 6. Bg2 d6 7. O-O c6 8. b3 Ne4
9. Bb2 Qe8 10. Qd3 Nxc3 11. Bxc3 e5 12. dxe5 dxe5 13. e4 f4 14. Rad1 fxg3 15.
fxg3 Bg4 16. Bb4 Rf7 17. Qd8 Na6 18. Qxe8+ Rxe8 19. Ba3 Nc7 20. h3 Bxf3 21.
Rxf3 Rxf3 22. Bxf3 Bf8 23. Bb2 Bc5+ 24. Kg2 Re7 25. Bc3 Kf7 26. Rd3 Bb6 27. Bb4
c5 28. Bc3 Ne8 29. Rd5 Kf6 30. Bd2 Kf7 31. Bc3 Kf6 32. h4 h5 33. g4 hxg4 34.
Bxg4 Nc7 35. Rd6+ Ne6 36. Bxe6 Rxe6 37. Rd7 Rc6 38. Kf3 Bc7 39. Bd2 Ke6 40. Rd5
b6 41. Kg4 Rd6 42. Rxd6+ Bxd6 43. Bg5 Be7 44. Bxe7 Kxe7 45. Kg5 Kf7 46. h5 gxh5
47. Kxh5 Kf6 48. Kh6 a6 49. a4 a5 50. Kh5 1-0

[Event "Mundial Juvenil femenino 2005 s16"]
[Site "Belfort FRA"]
[Date "2005.07.26"]
[Round "7.2"]
[White "Mikadze, Miranda"]
[Black "Ignacz, Maria"]
[Result "1/2-1/2"]
[WhiteElo "2210"]
[BlackElo "2265"]
[PlyCount "113"]
[EventDate "2005.07.19"]
[EventType "swiss"]
[EventRounds "11"]
[EventCountry "FRA"]
[Source "lmi"]
[SourceDate "2005.07.31"]

1. e4 e6 2. d4 d5 3. Nc3 Bb4 4. e5 c5 5. Bd2 Ne7 6. Nb5 Bxd2+ 7. Qxd2 O-O 8. f4
a6 9. Nd6 cxd4 10. Nf3 Nbc6 11. O-O-O f6 12. exf6 Rxf6 13. Nxc8 Rxc8 14. g3 Nf5
15. Kb1 Ne3 16. Rc1 Qb6 17. c3 dxc3 18. Rxc3 Nxf1 19. Rxf1 Rd8 20. Re1 Qa5 21.
a3 d4 22. Rd3 Qf5 23. Ka1 Qd5 24. Rd1 e5 25. Nxe5 Rfd6 26. Nf3 b5 27. Qc2 Qc4
28. Kb1 Rd5 29. Qe2 Rc5 30. Ng5 Rxg5 31. fxg5 b4 32. Qc2 Qb5 33. Rc1 Ne5 34.
Qb3+ Kf8 35. Rf1+ Ke7 36. Re1 Rd5 37. Rd2 Kd6 38. axb4 a5 39. Red1 d3 40. h4
Qxb4 41. Qxb4+ axb4 42. Rf2 Kc5 43. Rf4 g6 44. b3 Kb5 45. Kb2 Kc5 46. Kc1 Nc6
47. Kb2 Ne5 48. Ra1 Kb5 49. Kc1 d2+ 50. Kc2 Nd3 51. Rf8 Nc1 52. Rb8+ Kc6 53.
Kd1 Nxb3 54. Ra2 Re5 55. Rc2+ Kd7 56. Rb7+ Ke6 57. Rxd2 1/2-1/2

[Event "Mundial Juvenil femenino 2005 s16"]
[Site "Belfort FRA"]
[Date "2005.07.26"]
[Round "7.3"]
[White "Corke, Anya"]
[Black "Saheli, Nath"]
[Result "0-1"]
[WhiteElo "2223"]
[BlackElo "2187"]
[PlyCount "78"]
[EventDate "2005.07.19"]
[EventType "swiss"]
[EventRounds "11"]
[EventCountry "FRA"]
[Source "lmi"]
[SourceDate "2005.07.31"]

1. d4 Nf6 2. Bg5 Ne4 3. Bf4 d5 4. f3 Nf6 5. e4 dxe4 6. Nc3 exf3 7. Nxf3 g6 8.
Bc4 Bg7 9. Qd2 O-O 10. O-O-O c6 11. h4 Bg4 12. Rdf1 b5 13. Bb3 Nbd7 14. Nh2 h5
15. Nxg4 Nxg4 16. Qd3 Kh7 17. Ne4 Bf6 18. Ng5+ Bxg5 19. hxg5 Kg7 20. Qc3 Rc8
21. d5+ f6 22. dxc6 Nde5 23. gxf6+ exf6 24. Rd1 Qb6 25. Bd5 Nxc6 26. Bd6 Rfe8
27. Kb1 Nce5 28. Qa3 Nf2 29. Bxe5 Nxd1 30. Bf4 Qf2 31. Qb3 Ne3 32. Bxe3 Qxe3
33. Qb4 Rcd8 34. Bb3 Qd4 35. c3 Qxb4 36. cxb4 Re2 37. Rc1 Rxg2 38. Rc7+ Kh6 39.
a3 h4 0-1

[Event "Mundial Juvenil femenino 2005 s16"]
[Site "Belfort FRA"]
[Date "2005.07.26"]
[Round "7.4"]
[White "Darbinian, Nune"]
[Black "Hamrakulova, Yulduz"]
[Result "1/2-1/2"]
[WhiteElo "2072"]
[BlackElo "2114"]
[PlyCount "92"]
[EventDate "2005.07.19"]
[EventType "swiss"]
[EventRounds "11"]
[EventCountry "FRA"]
[Source "lmi"]
[SourceDate "2005.07.31"]

1. Nf3 Nf6 2. c4 c5 3. Nc3 Nc6 4. d4 cxd4 5. Nxd4 d6 6. e4 g6 7. Nc2 Bg7 8. Be2
O-O 9. O-O Ne8 10. Bd2 f5 11. exf5 gxf5 12. f4 Nf6 13. Kh1 e5 14. Be3 Qe7 15.
Qd2 Be6 16. Rad1 Rad8 17. Nd5 Qf7 18. Ncb4 Ne4 19. Qe1 Nxb4 20. Qxb4 b6 21. Bf3
Nc5 22. fxe5 Bxe5 23. g3 Qg7 24. Qd2 Rf7 25. Bh5 Rb7 26. Bh6 Qd7 27. Qg5+ Kh8
28. Rde1 Rg8 29. Qh4 Qd8 30. Qxd8 Rxd8 31. b3 Bg7 32. Bg5 Rdd7 33. Bf3 h6 34.
Bh4 Rb8 35. b4 Bxd5 36. Bxd5 Nd3 37. Rb1 Rf8 38. Be6 Rc7 39. Bxf5 Ne5 40. Rbc1
Rxc4 41. Rxc4 Nxc4 42. Bd3 Ne5 43. Rxf8+ Bxf8 44. Be4 Kg7 45. Kg2 d5 46. Bxd5
Bxb4 1/2-1/2

[Event "Mundial Juvenil femenino 2005 s16"]
[Site "Belfort FRA"]
[Date "2005.07.26"]
[Round "7.5"]
[White "Gunina, Valentina"]
[Black "Harika, Dronavalli"]
[Result "0-1"]
[WhiteElo "2394"]
[BlackElo "2396"]
[PlyCount "132"]
[EventDate "2005.07.19"]
[EventType "swiss"]
[EventRounds "11"]
[EventCountry "FRA"]
[Source "lmi"]
[SourceDate "2005.07.31"]

1. d4 Nf6 2. c4 c5 3. dxc5 Na6 4. g3 g6 5. Bg2 Bg7 6. Nh3 Nxc5 7. O-O O-O 8.
Nf4 Rb8 9. Nc3 b6 10. Qc2 Bb7 11. Bxb7 Rxb7 12. b3 d6 13. Bb2 Rd7 14. Rad1 Ne8
15. Ncd5 e5 16. Nd3 f5 17. f4 exf4 18. Nxc5 dxc5 19. Rxf4 Bxb2 20. Qxb2 Nd6 21.
g4 Ne4 22. Rdf1 Rdf7 23. e3 b5 24. Qg2 Kh8 25. Kh1 bxc4 26. bxc4 Qb8 27. g5 Qe5
28. Rb1 Rb8 29. Rxb8+ Qxb8 30. Qc2 Qe5 31. Qb1 Nxg5 32. Kg2 Kg7 33. h4 Ne6 34.
Rf2 Nc7 35. Nf4 Qxe3 36. Qd3 Qxd3 37. Nxd3 Ne6 38. Rd2 Kf6 39. Ne5 Rc7 40. Rd5
h6 41. h5 g5 42. Nd3 f4 43. Rd6 Ke7 44. Ra6 Rd7 45. Ne5 Rd2+ 46. Kf3 Nd4+ 47.
Kg4 Kd8 48. Rxh6 Rxa2 49. Nf7+ Kc7 50. Nxg5 f3 51. Nxf3 Nxf3 52. Kxf3 Ra4 53.
Ke4 Rxc4+ 54. Kd5 Rc1 55. Rh8 Kb7 56. Rg8 Rh1 57. Rh8 Kb6 58. h6 Rh5+ 59. Ke4
a5 60. Kd3 Rh4 61. Kc3 a4 62. Kb2 Rh3 63. Ka2 Kb5 64. h7 Kc4 65. Kb2 Rh6 66.
Ka3 Rh2 0-1

[Event "Mundial Juvenil femenino 2005 s16"]
[Site "Belfort FRA"]
[Date "2005.07.26"]
[Round "7.6"]
[White "Gomes, Mary Ann"]
[Black "Congiu, Mathilde"]
[Result "1/2-1/2"]
[WhiteElo "2265"]
[BlackElo "2046"]
[PlyCount "113"]
[EventDate "2005.07.19"]
[EventType "swiss"]
[EventRounds "11"]
[EventCountry "FRA"]
[Source "lmi"]
[SourceDate "2005.07.31"]

1. Nf3 c5 2. c4 g6 3. Nc3 Bg7 4. d4 cxd4 5. Nxd4 Nc6 6. Nc2 d6 7. e4 Nh6 8. Be2
O-O 9. Be3 f5 10. Qd2 Nf7 11. Rb1 e5 12. f3 Be6 13. O-O Rc8 14. Rfd1 f4 15. Bf2
Qg5 16. Qe1 a6 17. b4 Qh5 18. c5 Nd4 19. Nxd4 exd4 20. Bxd4 Bxd4+ 21. Rxd4 dxc5
22. Nd5 Qe5 23. Rd2 Kg7 24. bxc5 Rxc5 25. Rxb7 Bxd5 26. Rxd5 Rxd5 27. exd5 Re8
28. Kf1 Kg8 29. Qd2 Rd8 30. Bxa6 Rxd5 31. Qe1 Nd6 32. Qxe5 Rxe5 33. Rd7 Nf5 34.
Bc4+ Kf8 35. Kf2 h6 36. g3 fxg3+ 37. hxg3 h5 38. Rd5 Re8 39. Rd3 Ne7 40. Rd6
Ra8 41. Ra6 Rxa6 42. Bxa6 Nc6 43. a4 Ke7 44. Bb7 Na5 45. Bd5 g5 46. Ke3 Kd6 47.
Kd4 h4 48. gxh4 gxh4 49. f4 h3 50. Be4 Nb3+ 51. Ke3 Nc5 52. Bf3 Nxa4 53. Kf2
Nc5 54. Kg3 Ne6 55. f5 Nd4 56. Bg4 Nxf5+ 57. Bxf5 1/2-1/2

[Event "Mundial Juvenil femenino 2005 s16"]
[Site "Belfort FRA"]
[Date "2005.07.26"]
[Round "7.7"]
[White "Foisor, Sabina-Francesca"]
[Black "Baptista, Ana Filipa"]
[Result "1-0"]
[WhiteElo "2230"]
[BlackElo "2025"]
[PlyCount "63"]
[EventDate "2005.07.19"]
[EventType "swiss"]
[EventRounds "11"]
[EventCountry "FRA"]
[Source "lmi"]
[SourceDate "2005.07.31"]

1. d4 Nf6 2. c4 e6 3. Nc3 Bb4 4. Qc2 c5 5. dxc5 Bxc5 6. Nf3 Nc6 7. Bg5 Be7 8.
e3 d6 9. Be2 a6 10. O-O O-O 11. Rfd1 Qc7 12. Rd2 Rd8 13. Rad1 b6 14. Nd5 exd5
15. cxd5 Nxd5 16. Rxd5 Bb7 17. Bxe7 Qxe7 18. Qd2 Ne5 19. Rxd6 Nxf3+ 20. gxf3
Qg5+ 21. Kh1 Re8 22. Rxb6 Red8 23. Rd6 Re8 24. Rg1 Qf5 25. Rg3 Qb1+ 26. Kg2
Qxa2 27. Qd4 g6 28. Bc4 Qa5 29. Rd7 Rf8 30. Qf6 Qh5 31. Bxf7+ Rxf7 32. Qxf7+
1-0